| 000 | 01771nam a2200397 a 4500 | ||
|---|---|---|---|
| 001 | ebr10555074 | ||
| 003 | CaPaEBR | ||
| 006 | m u | ||
| 007 | cr cn||||||||| | ||
| 008 | 040407s2012 cauaf sb 001 0 eng d | ||
| 010 | _z 2004008180 | ||
| 020 | _z0520243846 (pbk. alk. paper) | ||
| 020 | _z9780520243842 (pbk. alk. paper) | ||
| 020 | _z9780520272910 (alk. paper) | ||
| 020 | _z9780520951389 (e-book) | ||
| 040 |
_aCaPaEBR _cCaPaEBR |
||
| 035 | _a(OCoLC)794491983 | ||
| 050 | 1 | 4 |
_aHT867 _b.B35 2012eb |
| 082 | 0 | 4 |
_a306.3/62 _222 |
| 100 | 1 | _aBales, Kevin. | |
| 245 | 1 | 0 |
_aDisposable people _h[electronic resource] : _bnew slavery in the global economy / _cKevin Bales. |
| 250 | _aRev. ed. with a new preface. | ||
| 260 |
_aBerkeley : _bUniversity of California Press, _cc2012. |
||
| 300 |
_axxxvi, 298 p., [12] p. of plates : _bill. |
||
| 500 | _aFirst paperback printing 2000. | ||
| 504 | _aIncludes bibliographical references (p. 279-288) and index. | ||
| 505 | 0 | _aThe new slavery -- Thailand : because she looks like a child -- Mauritania : old times there are not forgotten -- Brazil : life on the edge -- Pakistan : when is a slave not a slave? -- India : the ploughman's lunch -- What can be done? -- Coda : three things you can do to stop slavery. | |
| 533 |
_aElectronic reproduction. _bPalo Alto, Calif. : _cebrary, _d2011. _nAvailable via World Wide Web. _nAccess may be limited to ebrary affiliated libraries. |
||
| 650 | 0 | _aSlavery. | |
| 650 | 0 | _aSlave labor. | |
| 650 | 0 |
_aPoor _xEmployment. |
|
| 650 | 0 | _aProstitution. | |
| 655 | 7 |
_aElectronic books. _2local |
|
| 710 | 2 | _aebrary, Inc. | |
| 856 | 4 | 0 |
_uhttp://site.ebrary.com/lib/rucke/Doc?id=10555074 _zAn electronic book accessible through the World Wide Web; click to view |
| 999 |
_c91890 _d91890 |
||